000 00481nam a2200157 a 4500
001 000043283
005 20201002040804.0
008 140304s2001 sp 000 0 spa d
020 _a8483064316
040 _aDO-SdBNP
_bspa
_cBNPHU
100 1 _aAmo, Álvaro del
_d1942-
_921397
245 1 0 _aCinefilia /
_cÁlvaro del Amo.
260 _aMadrid :
_bEditorial Debate,
_c2001.
300 _a158 p. ;
_c23 cm.
500 _aIncluye datos biográficos del autor en la solapa de la cubierta
999 _c42772
_d42772